000 01123cam a22003014a 4500
001 13662889
003 OSt
005 20210915092056.0
008 040722s2005 mau b 001 0 eng
010 _a 2004017135
020 _a0125990227 (alk. paper)
040 _aDDC
_cHU
_dDLC
042 _apcc
050 0 0 _a519.2
_b.R864 2005
082 0 0 _a519.2/ROU
_222
100 1 _aRoussas, George G.
_93748
245 1 3 _aAn introduction to measure-theoretic probability /
_cGeorge G. Roussas.
260 _aBoston :
_bElsevier Academic Press,
_cc2005.
300 _axviii, 443 p. ;
_c24 cm.
504 _aIncludes bibliographical references (p. 431) and index.
650 0 _aProbabilities.
_92312
650 0 _aMeasure theory.
_93749
856 4 2 _3Publisher description
_uhttp://www.loc.gov/catdir/description/els051/2004017135.html
856 4 1 _3Table of contents
_uhttp://www.loc.gov/catdir/toc/ecip0420/2004017135.html
906 _a7
_bcbc
_corignew
_d1
_eecip
_f20
_gy-gencatlg
942 _2ddc
_cBOOKS
_n0
999 _c3961
_d3961